| 000 | 00732cam a2200241 4500 | ||
|---|---|---|---|
| 001 | 4607 | ||
| 005 | 20230314103008.0 | ||
| 008 | 030801s1998 cau 000 1 eng | ||
| 010 | _a 2003276041 | ||
| 020 | _a0062502174 (cloth) | ||
| 020 | _a9788172234980(pbk.) | ||
| 020 | _a978-0-00-715566-8 | ||
| 100 | 1 | _aCoelho, Paulo. | |
| 240 | 1 | 0 |
_aAlquimista. _lEnglish |
| 245 | 1 | 4 |
_aThe alchemist / _ca fable about following your dream / _cPaulo Coelho. |
| 260 |
_aNoida, India : _bHarperCollins Publisher, _c2014. |
||
| 300 |
_axiv, 174 p. ; _c21 cm. |
||
| 650 |
_aAlchemists -- _vFiction. |
||
| 650 | _aPortuguese fiction. | ||
| 650 | _aShepherds -- Spain -- Andalusia -- Fiction. | ||
| 655 | 7 |
_aFables. _2gsafd |
|
| 942 |
_2ddc _cFIC |
||
| 999 |
_c3822 _d3822 |
||